Mezinárodní konference o obyvatelstvu a rozvoji - ICPD'94
Medzinárodná konferencia o obyvateľstve a rozvoji konaná v Káhire (Egypt) 5.- 13.9.1994. Program - slobodná voľba, zodpovednosť a potreba začleňovať úvahy o obyvateľstve do národných a medzinárodných snáh k dosiahnutiu ekonomického rastu a rozvoja.
Salvato in:
| Autore principale: | |
|---|---|
| Natura: | Capitolo di libro |
| Lingua: | ceco |
| Soggetti: | |
| Tags: |
Nessun Tag, puoi essere il primo ad aggiungerne!!
|
MARC
| LEADER | 00000naa a2200000 4500 | ||
|---|---|---|---|
| 001 | r018135 | ||
| 005 | 20221208131358.2 | ||
| 041 | 0 | |a cze | |
| 044 | |a CZ | ||
| 245 | 1 | 0 | |a Mezinárodní konference o obyvatelstvu a rozvoji - ICPD'94 |c M. Jansová |
| 520 | |a Medzinárodná konferencia o obyvateľstve a rozvoji konaná v Káhire (Egypt) 5.- 13.9.1994. Program - slobodná voľba, zodpovednosť a potreba začleňovať úvahy o obyvateľstve do národných a medzinárodných snáh k dosiahnutiu ekonomického rastu a rozvoja. | ||
| 610 | 2 | 0 | |a štatistika |
| 610 | 2 | 0 | |a štatistika demografická |
| 610 | 2 | 0 | |a konferencie |
| 610 | 2 | 0 | |a obyvateľstvo |
| 610 | 2 | 0 | |a Káhira |
| 610 | 2 | 0 | |a 1994 |
| 610 | 2 | 0 | |a ICPD'94 |
| 100 | 1 | |a Jansová, M. | |